[Event "Sparkassen-Open B"]
[Site "Heusenstamm, Martinsee"]
[Date "2021.11.21"]
[Round "7.1"]
[White "Lorenz, Alexander"]
[Black "Ngo, Quang Thai"]
[Result "1-0"]
[WhiteElo "1667"]
[BlackElo "1779"]
[PlyCount "109"]
[EventDate "2021.??.??"]
[WhiteTeam "SV Bergwinkel"]
[BlackTeam "SV Griesheim"]

1. e4 c5 2. Nf3 e6 3. d4 cxd4 4. Nxd4 Nc6 5. Nc3 Qc7 6. Be3 a6 7. Bc4 Nf6 8.
Bb3 b5 9. a3 Bb7 10. f3 Na5 11. Ba2 Rc8 12. O-O Bd6 13. g3 Qb8 14. Qd2 Nc4 15.
Bxc4 Rxc4 16. Rad1 Be7 17. Nb3 Qd8 18. Ne2 Ba8 19. Nf4 O-O 20. Rf2 Qc7 21. Nd3
d6 22. Ra1 Rc8 23. c3 Nd7 24. Qc2 d5 25. exd5 exd5 26. Bf4 Qb6 27. Ne5 Nxe5 28.
Bxe5 f6 29. Bd4 Qd8 30. Re1 a5 31. Qf5 Bf8 32. Qe6+ Kh8 33. Bb6 Qd6 34. Qxd6
Bxd6 35. Nxa5 Ra4 36. Rfe2 Rf8 37. Re6 Be5 38. f4 Bb8 39. Re8 Kg8 40. Bc5 Rxe8
41. Rxe8+ Kf7 42. Rf8+ Ke6 43. Bb4 Rxa5 44. Bxa5 Ba7+ 45. Kf1 Bc6 46. Rc8 Bd7
47. Rc7 Be3 48. Bb4 g6 49. Bc5 Bxc5 50. Rxc5 Kd6 51. b4 Bc6 52. Ke2 Bd7 53. Ke3
h5 54. Kd4 Bc6 55. h3 1-0

[Event "Sparkassen-Open B"]
[Site "Heusenstamm, Martinsee"]
[Date "2021.11.21"]
[Round "7.2"]
[White "Markosyan, Aleksandr"]
[Black "Bardorz, Christoph"]
[Result "0-1"]
[WhiteElo "1716"]
[BlackElo "1764"]
[PlyCount "46"]
[EventDate "2021.??.??"]
[WhiteTeam "SG Idstein"]
[BlackTeam "TSV Rottendorf"]

1. e4 e5 2. Nf3 Nc6 3. Bb5 a6 4. Ba4 Nf6 5. O-O Be7 6. Re1 b5 7. Bb3 O-O 8. c3
d5 9. exd5 Nxd5 10. d4 exd4 11. Nxd4 Nxd4 12. Qxd4 Nf6 13. Qe3 Re8 14. Qg3 Bd6
15. Rxe8+ Qxe8 16. Qe3 Qc6 17. Qd3 Bb7 18. f3 Re8 19. Be3 Rxe3 20. Qf5 Bc5 21.
Kf1 Qd6 22. Bc2 Qxh2 23. Qxc5 Qh1+ 0-1

[Event "Sparkassen-Open B"]
[Site "Heusenstamm, Martinsee"]
[Date "2021.11.21"]
[Round "7.4"]
[White "Meuer, David"]
[Black "Jordake, Michael"]
[Result "1/2-1/2"]
[WhiteElo "1649"]
[BlackElo "1744"]
[PlyCount "67"]
[EventDate "2021.??.??"]
[WhiteTeam "SV Lahnstein"]
[BlackTeam "SC Bergen-Enkheim"]

1. e4 e5 2. Nf3 Nc6 3. d4 exd4 4. Nxd4 Bc5 5. Nxc6 Qf6 6. Qd2 dxc6 7. Bd3 Ne7
8. O-O O-O 9. Kh1 Ng6 10. f4 Rd8 11. Qe2 b5 12. Nc3 Qh4 13. Bd2 Bg4 14. Qe1
Qxe1 15. Raxe1 b4 16. Na4 Be7 17. e5 Bf5 18. Bxf5 Rxd2 19. Bd3 Rd8 20. Re4 Nh4
21. Rc4 Nxg2 22. Rxc6 Ne3 23. Rg1 Nd5 24. Rc4 Bh4 25. Rd4 Bf2 26. Bxh7+ Kxh7
27. Rxd2 Bxg1 28. Kxg1 c6 29. Kf2 Kg6 30. Kf3 Rh8 31. Rg2+ Kh7 32. Nc5 Kg8 33.
Nd3 Rh3+ 34. Kg4 1/2-1/2

[Event "Sparkassen-Open B"]
[Site "Heusenstamm, Martinsee"]
[Date "2021.11.21"]
[Round "7.5"]
[White "Werner, Florin"]
[Black "Schellenberger, Dirk"]
[Result "0-1"]
[WhiteElo "1504"]
[BlackElo "1660"]
[PlyCount "66"]
[EventDate "2021.??.??"]
[WhiteTeam "VSG Offenbach"]
[BlackTeam "SC Aschaffenburg"]

1. e4 c5 2. Nf3 e6 3. d4 cxd4 4. Nxd4 Nc6 5. Nc3 Qc7 6. Be3 a6 7. Be2 Nf6 8. f3
Bb4 9. Qd2 d5 10. a3 Bxc3 11. Qxc3 dxe4 12. fxe4 Nxe4 13. Qd3 Nf6 14. O-O-O O-O
15. Bg5 Nxd4 16. Qxd4 e5 17. Qh4 Bf5 18. Bd3 e4 19. Bxf6 exd3 20. Bc3 dxc2 21.
Rd5 Bg6 22. Qd4 f6 23. Rd7 Qc6 24. h4 Rf7 25. Rd6 Qxg2 26. Rg1 Qe4 27. Qd2 Qxh4
28. Rd8+ Rxd8 29. Qxd8+ Rf8 30. Qd5+ Kh8 31. Qxb7 Qf2 32. Qh1 Rd8 33. Bd4 Qf4+
0-1

[Event "Sparkassen-Open B"]
[Site "Heusenstamm, Martinsee"]
[Date "2021.11.21"]
[Round "7.6"]
[White "Tojcic, Josip"]
[Black "Stosberg, Marc"]
[Result "1/2-1/2"]
[WhiteElo "1756"]
[BlackElo "1692"]
[PlyCount "41"]
[EventDate "2021.??.??"]
[WhiteTeam "VL Frankfurt"]
[BlackTeam "Sfr. Mörfelden"]

1. d4 d5 2. Nf3 Nf6 3. Bf4 c5 4. e3 Nc6 5. c3 Bf5 6. Bb5 Qb6 7. Bxc6+ bxc6 8.
Qa4 Bd3 9. Ne5 Bb5 10. Qc2 cxd4 11. exd4 e6 12. f3 c5 13. Be3 cxd4 14. cxd4
Bb4+ 15. Kf2 O-O 16. Nc3 Ba6 17. a3 Bxc3 18. Qxc3 Rfc8 19. Qd2 Rab8 20. b4 Bc4
21. Rhc1 1/2-1/2

[Event "Sparkassen-Open B"]
[Site "Heusenstamm, Martinsee"]
[Date "2021.11.21"]
[Round "7.7"]
[White "Bangerter, Daria"]
[Black "Merges, Harald"]
[Result "1-0"]
[WhiteElo "1627"]
[BlackElo "1781"]
[PlyCount "44"]
[EventDate "2021.??.??"]
[WhiteTeam "ASK Reti Zuerich"]
[BlackTeam "SG Reil-Kinheim"]

1. e4 e6 2. d4 d5 3. Nd2 c5 4. exd5 Qxd5 5. dxc5 Bxc5 6. Ngf3 Nc6 7. Bc4 Qd7 8.
O-O Nf6 9. Qe2 O-O 10. Nb3 Bd6 11. Bg5 Qc7 12. Bxf6 gxf6 13. Bd3 Kh8 14. Qe4 f5
15. Qh4 f6 16. Nbd4 Ne5 17. Nxe5 fxe5 18. Nb5 Qe7 19. Qxe7 Bxe7 20. Nc7 Rb8 21.
Bc4 Rf6 22. Rad1 Kg7 1-0

[Event "Sparkassen-Open B"]
[Site "Heusenstamm, Martinsee"]
[Date "2021.11.21"]
[Round "7.8"]
[White "Keymer, Cecilia"]
[Black "Ulrich, Helena Irene"]
[Result "1/2-1/2"]
[WhiteElo "1634"]
[BlackElo "1537"]
[PlyCount "87"]
[EventDate "2021.??.??"]
[WhiteTeam "SK Gau-Algesheim"]
[BlackTeam "SV Medizin Erfurt"]

1. d4 Nf6 2. c4 g6 3. g3 Bg7 4. Bg2 O-O 5. Nc3 d6 6. Nf3 Nbd7 7. Bf4 c5 8. d5
a6 9. a4 b6 10. O-O Nh5 11. Bg5 h6 12. Bd2 Rb8 13. Qc2 Re8 14. Rad1 e6 15. dxe6
Rxe6 16. Be3 Ne5 17. Nxe5 Rxe5 18. Qc1 Kh7 19. h3 Bb7 20. Nd5 Nf6 21. Bf4 Re6
22. Qc2 Nxd5 23. Bxd5 Bxd5 24. Rxd5 Qe7 25. Rd2 Be5 26. Bxe5 Rxe5 27. e3 b5 28.
Rfd1 Re6 29. axb5 axb5 30. cxb5 Rxb5 31. Qc3 Rb6 32. Ra1 Qb7 33. Ra2 Ra6 34. b3
Re8 35. Rdb2 Rxa2 36. Rxa2 Ra8 37. Rxa8 Qxa8 38. Qf6 Qf8 39. e4 Kg8 40. Qc3 Qe7
41. Qe3 h5 42. Kg2 Qe6 43. Qd3 Kg7 44. Qc3+ 1/2-1/2

[Event "Sparkassen-Open B"]
[Site "Heusenstamm, Martinsee"]
[Date "2021.11.21"]
[Round "7.9"]
[White "Wartenberg, Alexander"]
[Black "Friedel, Thomas"]
[Result "1/2-1/2"]
[WhiteElo "1405"]
[BlackElo "1576"]
[PlyCount "71"]
[EventDate "2021.??.??"]
[WhiteTeam "Hamburger SK"]
[BlackTeam "SV Groß-Gerau"]

1. e4 e5 2. Nf3 d6 3. d4 exd4 4. Nxd4 Be7 5. b3 Nf6 6. Bd3 O-O 7. Bb2 Re8 8.
O-O Nbd7 9. Nd2 Ne5 10. Qe2 Bf8 11. N4f3 Bg4 12. Bxe5 Rxe5 13. Nc4 Re8 14. Rad1
d5 15. Ncd2 Bb4 16. Qe3 Bxd2 17. Rxd2 Nxe4 18. Bxe4 Rxe4 19. Qd3 Bxf3 20. Qxf3
Qe8 21. Rxd5 Re2 22. Rc5 c6 23. h3 Rd8 24. a4 Rdd2 25. c3 Rb2 26. b4 Rbd2 27.
Rc4 g6 28. Rf4 Rc2 29. Qd3 Rcd2 30. Qf3 Qe6 31. Qg3 Qe5 32. Qg4 Qe6 33. Qg3 Qe5
34. Qf3 Qd5 35. Qg3 Qe5 36. Qg4 1/2-1/2

[Event "Sparkassen-Open B"]
[Site "Heusenstamm, Martinsee"]
[Date "2021.11.21"]
[Round "7.10"]
[White "Vihan, Shourya"]
[Black "Bengsch, Norbert"]
[Result "1/2-1/2"]
[WhiteElo "1278"]
[BlackElo "1716"]
[PlyCount "66"]
[EventDate "2021.??.??"]
[WhiteTeam "SV Ffm-Griesheim"]
[BlackTeam "SG Donautal Tuttlingen"]

1. d4 Nf6 2. c4 e5 3. dxe5 Ng4 4. Bf4 Bb4+ 5. Nd2 Nc6 6. Ngf3 Qe7 7. a3 Ngxe5
8. Nxe5 Nxe5 9. e3 Bxd2+ 10. Qxd2 d6 11. Be2 O-O 12. O-O Be6 13. Rac1 Rfd8 14.
Rfd1 a5 15. b4 axb4 16. axb4 Ng6 17. Bg3 d5 18. c5 c6 19. Qd4 Qf6 20. Qxf6 gxf6
21. Ra1 Bf5 22. Bc7 Re8 23. Ra5 Rxa5 24. bxa5 Ne5 25. a6 bxa6 26. Bxa6 Ra8 27.
Bb7 Ra7 28. Bxe5 Rxb7 29. Bxf6 Rb1 30. Rxb1 Bxb1 31. g3 h5 32. Kg2 Kh7 33. Kf3
Kg6 1/2-1/2

[Event "Sparkassen-Open B"]
[Site "Heusenstamm, Martinsee"]
[Date "2021.11.21"]
[Round "7.11"]
[White "Jahraus, Marlis"]
[Black "Wartenberg, Alissa"]
[Result "0-1"]
[WhiteElo "1590"]
[BlackElo "1586"]
[PlyCount "116"]
[EventDate "2021.??.??"]
[WhiteTeam "SF Zeutern"]
[BlackTeam "Hamburger SK"]

1. e4 e5 2. Bc4 Nf6 3. d3 Nc6 4. f4 d6 5. Nf3 Bg4 6. h3 Bxf3 7. Qxf3 Nd4 8. Qd1
b5 9. Bb3 Nxb3 10. axb3 c6 11. O-O Be7 12. fxe5 dxe5 13. Be3 a6 14. Nd2 O-O 15.
Nf3 Bd6 16. Qe1 Qe7 17. Kh1 Nh5 18. Kh2 f5 19. Bg5 Qe8 20. Bh4 f4 21. g4 fxg3+
22. Bxg3 Nf4 23. Qd2 Qh5 24. Bxf4 Rxf4 25. Qg2 Raf8 26. Nd2 R8f6 27. Rxf4 exf4
28. Qf3 Qc5 29. e5 Qxe5 30. Ne4 Rg6 31. Rxa6 Qd4 32. Ra8+ Bf8 33. Rxf8+ Kxf8
34. Qxf4+ Ke7 35. Qc7+ Qd7 36. Qe5+ Kf8 37. Qf4+ Qf7 38. Qb8+ Qe8 39. Qf4+ Kg8
40. b4 Qf8 41. Qf2 Qxb4 42. Qb6 h6 43. b3 Qe1 44. Qf2 Qxf2+ 45. Nxf2 Re6 46.
Kg3 Re2 47. c3 b4 48. cxb4 Rb2 49. Ng4 Rxb3 50. Ne5 Rxb4 51. Nxc6 Rb5 52. d4
Kf8 53. h4 Rd5 54. Ne5 Rxd4 55. Ng6+ Kf7 56. h5 Kf6 57. Nh4 Rxh4 58. Kxh4 Kf5
0-1

[Event "Sparkassen-Open B"]
[Site "Heusenstamm, Martinsee"]
[Date "2021.11.21"]
[Round "7.12"]
[White "Lasschuit, Rene"]
[Black "Vranckx, Oscar"]
[Result "1-0"]
[WhiteElo "1665"]
[BlackElo "1345"]
[PlyCount "138"]
[EventDate "2021.??.??"]
[WhiteTeam "SV Berolina Mitte"]
[BlackTeam "SF Mainz"]

1. c4 Nf6 2. g3 g6 3. Bg2 Bg7 4. Nc3 O-O 5. Rb1 c5 6. d3 Nc6 7. a3 d6 8. b4
cxb4 9. axb4 Ng4 10. Bd2 Qb6 11. Nh3 Nge5 12. O-O e6 13. b5 Ne7 14. Qb3 Nd7 15.
Na4 Qd8 16. Bc3 e5 17. Bb4 Nf5 18. e3 Nf6 19. Ng5 Rb8 20. Ne4 Be6 21. Qa3 Ne8
22. Nac3 f6 23. Ra1 a6 24. bxa6 bxa6 25. Rfb1 Rf7 26. Ba5 Nc7 27. Rxb8 Qxb8 28.
Rb1 Qf8 29. Rb6 Rd7 30. Qb3 Qe7 31. Rb8+ Kf7 32. Rb7 Bh6 33. Rb6 Nxe3 34. fxe3
Bxe3+ 35. Kh1 Bxb6 36. Bxb6 f5 37. Nf2 Ne8 38. Bc6 Rb7 39. Bxb7 Qxb7+ 40. Kg1
Nf6 41. Qb4 d5 42. cxd5 Bxd5 43. Qd6 e4 44. dxe4 Bxe4 45. Qc7+ Qxc7 46. Bxc7
Bc6 47. Na2 Bb5 48. Kg2 g5 49. Nb4 h5 50. Nfd3 Nd5 51. Ne5+ Ke6 52. Nxd5 Kxd5
53. Nf3 g4 54. Nh4 Bd3 55. Ng6 Be4+ 56. Kf2 Kc6 57. Be5 Kd5 58. Bf6 Ke6 59. Bc3
Kd5 60. Nf4+ Kc4 61. Bf6 a5 62. Nxh5 a4 63. Ke3 Kd5 64. Ng7 a3 65. Kf4 a2 66.
Ba1 Bg2 67. Nxf5 Bh3 68. Nh6 Ke6 69. Nxg4 Bg2 1-0

[Event "Sparkassen-Open B"]
[Site "Heusenstamm, Martinsee"]
[Date "2021.11.21"]
[Round "7.13"]
[White "Pichl, Christoph"]
[Black "Spelleken, Hans-Gerd"]
[Result "1-0"]
[WhiteElo "1528"]
[BlackElo "1691"]
[PlyCount "89"]
[EventDate "2021.??.??"]
[WhiteTeam "SK Bad Homburg"]
[BlackTeam "SC Kahl"]

1. d4 Nf6 2. Bf4 d5 3. e3 Bf5 4. Bd3 Bg6 5. Nd2 Bxd3 6. cxd3 Nc6 7. Qb3 Qd7 8.
h3 e6 9. Ngf3 Bd6 10. Bxd6 Qxd6 11. O-O O-O 12. Rac1 Rab8 13. Rfd1 Nd7 14. e4
f5 15. Qc3 f4 16. Nb3 Rfc8 17. Nc5 Nd8 18. Qd2 Nxc5 19. dxc5 Qf8 20. exd5 exd5
21. Ne5 Ra8 22. c6 Qf6 23. cxb7 Nxb7 24. d4 Nd6 25. Rc6 Qf5 26. Qa5 Qe6 27.
Rxc7 Nf5 28. Rxc8+ Rxc8 29. Qxa7 Nh4 30. Qd7 Qxd7 31. Nxd7 Rc2 32. Rb1 Rd2 33.
a4 Nf5 34. b4 Nxd4 35. b5 Ra2 36. b6 Rxa4 37. Ne5 h5 38. b7 Ne2+ 39. Kf1 Nc3
40. b8=Q+ Kh7 41. Qb3 d4 42. Qc2+ d3 43. Qxd3+ Ne4 44. f3 g6 45. fxe4 1-0

[Event "Sparkassen-Open B"]
[Site "Heusenstamm, Martinsee"]
[Date "2021.11.21"]
[Round "7.14"]
[White "Burow, Roger"]
[Black "Gräf, Jakob Vincent"]
[Result "0-1"]
[WhiteElo "1634"]
[BlackElo "1557"]
[PlyCount "66"]
[EventDate "2021.??.??"]
[WhiteTeam "SV Kelsterbach"]
[BlackTeam "SV Frankfurt Nord"]

1. e4 c5 2. a3 Nc6 3. b4 cxb4 4. axb4 Nxb4 5. c3 Nc6 6. d4 g6 7. Nf3 d6 8. Na3
Bg7 9. Nb5 Bd7 10. Bf4 a6 11. Nxd6+ exd6 12. Bxd6 Bg4 13. e5 Nge7 14. Bc4 O-O
15. O-O Qd7 16. Qb3 Bxf3 17. gxf3 b5 18. Be2 Rfc8 19. Kh1 Nf5 20. Bc5 Nxe5 21.
Rfd1 Qb7 22. dxe5 Rxc5 23. e6 Rxc3 24. exf7+ Qxf7 25. Qxf7+ Kxf7 26. Rd7+ Kf8
27. Rad1 Nd4 28. R7xd4 Bxd4 29. Rxd4 Rc2 30. Re4 Re8 31. Rf4+ Kg7 32. Bd3 Rxf2
33. Be4 Rd8 0-1

[Event "Sparkassen-Open B"]
[Site "Heusenstamm, Martinsee"]
[Date "2021.11.21"]
[Round "7.15"]
[White "Blank, Stephan"]
[Black "Ziegler, Christopher"]
[Result "1/2-1/2"]
[WhiteElo "1631"]
[BlackElo "1443"]
[PlyCount "89"]
[EventDate "2021.??.??"]
[WhiteTeam "SC FK Babenhausen"]
[BlackTeam "SV Kelsterbach"]

1. e4 c5 2. Nf3 Nc6 3. d4 cxd4 4. Nxd4 Nf6 5. Nc3 a6 6. Bc4 e6 7. O-O Bb4 8.
Nde2 O-O 9. a3 Be7 10. Ng3 b6 11. f4 Bb7 12. e5 Ne8 13. Nce4 f5 14. Nd6 Bxd6
15. exd6 Qb8 16. Be3 Nxd6 17. Ba2 Qc7 18. c4 Na5 19. Rc1 Ne4 20. Nxe4 Bxe4 21.
c5 b5 22. Qd6 Qb7 23. Bd4 Bxg2 24. Rf2 Be4 25. b4 Nc6 26. Bc3 Rae8 27. Rd1 Rf7
28. h4 Ne7 29. Qxd7 Nd5 30. Qxb7 Rxb7 31. Be5 a5 32. Bxd5 Bxd5 33. Bc3 axb4 34.
Bxb4 Kf7 35. Rfd2 h6 36. Kh2 Rg8 37. Rxd5 exd5 38. Rxd5 g6 39. Rd6 Re8 40. c6
Rc7 41. Ba5 Rcc8 42. c7 Re7 43. Rd5 Rexc7 44. Bxc7 Rxc7 45. Rxb5 1/2-1/2

[Event "Sparkassen-Open B"]
[Site "Heusenstamm, Martinsee"]
[Date "2021.11.21"]
[Round "7.16"]
[White "Bigott, Martin"]
[Black "Kosak, Karolina"]
[Result "1/2-1/2"]
[WhiteElo "1745"]
[BlackElo "1319"]
[PlyCount "78"]
[EventDate "2021.??.??"]
[WhiteTeam "SK Köln-Südwest"]
[BlackTeam "SV Frankfurt Nord"]

1. g3 d5 2. Bg2 Nf6 3. d4 e6 4. Nf3 Be7 5. O-O O-O 6. b3 Nbd7 7. Bb2 c5 8. Nbd2
b6 9. c4 Bb7 10. Ne5 Qc7 11. Nxd7 Qxd7 12. dxc5 dxc4 13. Bxb7 Qxb7 14. Nxc4
Bxc5 15. Bxf6 gxf6 16. Qc2 Rfd8 17. Rad1 Rac8 18. Rxd8+ Rxd8 19. Rd1 Qc7 20. a4
a6 21. Rxd8+ Qxd8 22. Qd3 Qxd3 23. exd3 Kf8 24. Kg2 Ke7 25. g4 b5 26. axb5 axb5
27. Ne3 Kd6 28. Kg3 Ke5 29. Nc2 Kd5 30. f4 e5 31. f5 e4 32. dxe4+ Kxe4 33. b4
Bd6+ 34. Kh4 Bxh2 35. Na3 Bd6 36. Nxb5 Bxb4 37. Nc7 Bd2 38. Kh5 Bg5 39. Nb5 Kd5
1/2-1/2

[Event "Sparkassen-Open B"]
[Site "Heusenstamm, Martinsee"]
[Date "2021.11.21"]
[Round "7.17"]
[White "Schwenk, Stefan"]
[Black "Englert, Lin"]
[Result "1/2-1/2"]
[WhiteElo "1719"]
[BlackElo "1476"]
[PlyCount "76"]
[EventDate "2021.??.??"]
[WhiteTeam "SK Geisenheim"]
[BlackTeam "TV-Großostheim"]

1. c4 c5 2. g3 Nc6 3. Bg2 g6 4. Nc3 Bg7 5. e3 Nf6 6. Nge2 O-O 7. O-O d6 8. a3
Qc7 9. Rb1 a5 10. Nb5 Qd7 11. d4 b6 12. h3 e6 13. b3 Bb7 14. Bb2 Rad8 15. Nec3
Na7 16. Bxb7 Qxb7 17. Nxa7 Qxa7 18. d5 e5 19. Qd3 Qd7 20. Kg2 Rfe8 21. e4 Qe7
22. Rbe1 Bh6 23. Bc1 Qf8 24. g4 Bxc1 25. Rxc1 Qh6 26. Rce1 Re7 27. Qg3 Ne8 28.
f4 f6 29. g5 fxg5 30. fxg5 Qg7 31. Rf3 Rdd7 32. Qg4 Rf7 33. Ref1 Rxf3 34. Rxf3
Qe7 35. h4 Ng7 36. Rf6 Nh5 37. Rf3 Nf4+ 38. Kg3 Rd8 1/2-1/2

[Event "Sparkassen-Open B"]
[Site "Heusenstamm, Martinsee"]
[Date "2021.11.21"]
[Round "7.18"]
[White "Spreer, Lutz"]
[Black "Chua, Daniel James"]
[Result "1/2-1/2"]
[WhiteElo "1626"]
[BlackElo "1315"]
[PlyCount "48"]
[EventDate "2021.??.??"]
[WhiteTeam "1. Burgstädter SK 1914"]
[BlackTeam "SC Garching"]

1. e4 e5 2. Nf3 Nc6 3. Bc4 Bc5 4. O-O Nf6 5. d4 exd4 6. e5 d5 7. exf6 dxc4 8.
fxg7 Rg8 9. Re1+ Be6 10. Ng5 Qf6 11. Nxe6 fxe6 12. Qh5+ Kd7 13. Qxc5 Qxg7 14.
g3 Raf8 15. Qxc4 Qf7 16. Bf4 Qxf4 17. Qxe6+ Kd8 18. Qe2 Ne5 19. Nd2 Qxd2 20.
Qxe5 Qxf2+ 21. Kh1 Qf3+ 22. Kg1 Qf2+ 23. Kh1 Qf3+ 24. Kg1 Qf2+ 1/2-1/2

[Event "Sparkassen-Open B"]
[Site "Heusenstamm, Martinsee"]
[Date "2021.11.21"]
[Round "7.19"]
[White "Huang, Luca Hanson"]
[Black "Bergner, Matthias"]
[Result "1/2-1/2"]
[WhiteElo "1429"]
[BlackElo "1632"]
[PlyCount "74"]
[EventDate "2021.??.??"]
[WhiteTeam "SK Frankenthal"]
[BlackTeam "SV Neu-Isenburg"]

1. e4 d5 2. exd5 g6 3. d4 Bg7 4. Nf3 Nf6 5. Bc4 a6 6. Nc3 b5 7. Be2 Bb7 8. Bf4
Nxd5 9. Nxd5 Bxd5 10. O-O O-O 11. b3 Bb7 12. c4 c5 13. Be5 Bxe5 14. Nxe5 bxc4
15. Bxc4 Qxd4 16. Qxd4 cxd4 17. Rad1 Nc6 18. Nxc6 Bxc6 19. Rxd4 Bb5 20. Re1 e6
21. Red1 Rfc8 22. Bd3 Bxd3 23. R4xd3 Rc2 24. R3d2 Rac8 25. Kf1 R8c6 26. Ke2 Kg7
27. Rxc2 Rxc2+ 28. Rd2 Rc5 29. Rd6 Rc2+ 30. Rd2 Rc5 31. f4 Kf6 32. b4 Rc4 33.
a3 Rc3 34. Rd3 Rc2+ 35. Rd2 Rc3 36. Rd3 Rc2+ 37. Rd2 Rc3 1/2-1/2

[Event "Sparkassen-Open B"]
[Site "Heusenstamm, Martinsee"]
[Date "2021.11.21"]
[Round "7.20"]
[White "Herrmann, Gerhard"]
[Black "Schönfeld, Ulrich"]
[Result "1/2-1/2"]
[WhiteElo "1555"]
[BlackElo "1610"]
[PlyCount "50"]
[EventDate "2021.??.??"]
[WhiteTeam "SC Königsspringer Alzenau"]
[BlackTeam "TSV Kirchehrenbach"]

1. e4 c5 2. Nf3 d6 3. Bb5+ Nd7 4. O-O a6 5. Be2 Ngf6 6. Nc3 b5 7. d3 e5 8. a3
Be7 9. b4 O-O 10. Nd5 Bb7 11. Nxe7+ Qxe7 12. c4 bxc4 13. dxc4 Nxe4 14. Bd3 f5
15. b5 axb5 16. cxb5 Nc3 17. Qb3+ Nd5 18. Bc4 N7b6 19. Rd1 Nxc4 20. Qxc4 e4 21.
Ng5 Qe5 22. Ra2 Kh8 23. Rad2 e3 24. Re2 Qc3 25. Qa2 Qf6 1/2-1/2

[Event "Sparkassen-Open B"]
[Site "Heusenstamm, Martinsee"]
[Date "2021.11.21"]
[Round "7.22"]
[White "Özyar, Arin"]
[Black "Michalski, Uwe"]
[Result "1/2-1/2"]
[WhiteElo "1334"]
[BlackElo "1753"]
[PlyCount "116"]
[EventDate "2021.??.??"]
[WhiteTeam "SC Bad Soden"]
[BlackTeam "SF Mainz"]

1. d4 e6 2. Nc3 d5 3. Bf4 Bd6 4. Bxd6 Qxd6 5. Nf3 Nf6 6. e3 a6 7. Qd2 Bd7 8.
Ne5 c5 9. Be2 Nc6 10. Nxd7 Nxd7 11. O-O c4 12. Rad1 f5 13. Rfe1 O-O 14. f4 Nf6
15. Bf3 b5 16. h3 Kh8 17. g4 fxg4 18. hxg4 Nxg4 19. Bxg4 Rf6 20. Qh2 Rh6 21.
Qg3 Rf8 22. Kg2 Rg6 23. Rh1 Ne7 24. Kf2 h6 25. Ke2 Nf5 26. Qf3 Qb4 27. Bxf5
Rxf5 28. Rb1 Qa5 29. Rbg1 Rgf6 30. Qg3 Qc7 31. e4 Rxf4 32. e5 Rf2+ 33. Qxf2
Rxf2+ 34. Kxf2 Qf7+ 35. Ke2 Qf5 36. Kd1 b4 37. Ne2 b3 38. axb3 cxb3 39. cxb3
Qb1+ 40. Kd2 Qxb2+ 41. Ke1 Qxb3 42. Rh2 a5 43. Rhg2 g5 44. Rh2 Kg7 45. Rgh1
Qb1+ 46. Kf2 Qg6 47. Rxh6 Qxh6 48. Rxh6 Kxh6 49. Nc3 Kg6 50. Kf3 Kf5 51. Na4
g4+ 52. Ke3 g3 53. Nc5 a4 54. Nxa4 g2 55. Kf2 g1=Q+ 56. Kxg1 Ke4 57. Nc5+ Kxd4
58. Nxe6+ Kxe5 1/2-1/2

[Event "Sparkassen-Open B"]
[Site "Heusenstamm, Martinsee"]
[Date "2021.11.21"]
[Round "7.23"]
[White "Bauer, Ottmar"]
[Black "Margraf, Dieter"]
[Result "1-0"]
[WhiteElo "1750"]
[BlackElo "1482"]
[PlyCount "80"]
[EventDate "2021.??.??"]
[WhiteTeam "TSV Rottendorf"]
[BlackTeam "SC Sulzbach-Rosenberg"]

1. e4 d5 2. exd5 Nf6 3. c4 c6 4. d4 cxd5 5. Nc3 e6 6. Nf3 Nc6 7. Bf4 Bd6 8.
Bxd6 Qxd6 9. c5 Qc7 10. Bd3 a6 11. O-O O-O 12. Re1 Bd7 13. Rc1 b5 14. a3 Rfb8
15. b4 Ne7 16. Ne5 Be8 17. g4 Nc6 18. Bb1 Nxe5 19. dxe5 Nd7 20. Qd4 Nf8 21. g5
a5 22. f4 axb4 23. axb4 g6 24. Re3 Qe7 25. h4 h5 26. Bd3 Bc6 27. Ree1 Ra3 28.
Ra1 Qa7 29. Rab1 Qa6 30. Bc2 Ra8 31. Bb3 Nd7 32. Ne2 Qb7 33. Rec1 Kf8 34. Qf2
Nb8 35. Nd4 Bd7 36. Qe2 Ke7 37. Re1 Kd8 38. f5 Na6 39. fxg6 fxg6 40. Qb2 Be8
1-0

[Event "Sparkassen-Open B"]
[Site "Heusenstamm, Martinsee"]
[Date "2021.11.21"]
[Round "7.24"]
[White "Raghavan, Badrinarayanan"]
[Black "Alt, Johannes"]
[Result "1/2-1/2"]
[WhiteElo "1693"]
[BlackElo "1283"]
[PlyCount "51"]
[EventDate "2021.??.??"]
[WhiteTeam "SK Gießen"]
[BlackTeam "SF Heidesheim"]

1. c4 Nf6 2. Nc3 g6 3. e4 d6 4. g3 Bg7 5. Bg2 O-O 6. Nge2 e5 7. O-O Nc6 8. d3
Be6 9. Bg5 Qd7 10. Nd5 Ne8 11. Qd2 f5 12. Bh6 Nf6 13. Nxf6+ Rxf6 14. Bxg7 Qxg7
15. f4 Raf8 16. b4 Nd8 17. b5 fxe4 18. Bxe4 Bh3 19. Rfe1 Qh6 20. Qe3 b6 21. a4
Ne6 22. Bd5 Kh8 23. Bxe6 Rxe6 24. Qf2 g5 25. Kh1 exf4 26. gxf4 1/2-1/2

[Event "Sparkassen-Open B"]
[Site "Heusenstamm, Martinsee"]
[Date "2021.11.21"]
[Round "7.25"]
[White "Nimrichter, Christian"]
[Black "Althaus, Lennart"]
[Result "0-1"]
[WhiteElo "1446"]
[BlackElo "1620"]
[PlyCount "99"]
[EventDate "2021.??.??"]
[WhiteTeam "VSG Offenbach"]
[BlackTeam "TV-Großostheim"]

1. d4 d5 2. c4 c6 3. Nc3 Nf6 4. Nf3 e6 5. Bg5 Be7 6. e3 Nbd7 7. Bd3 dxc4 8.
Bxc4 Nb6 9. Bd3 Nbd5 10. O-O O-O 11. Rc1 Bd7 12. e4 Nxc3 13. bxc3 Rc8 14. Bxf6
Bxf6 15. e5 Be7 16. Bb1 c5 17. Qd3 g6 18. Nd2 Bc6 19. f4 Qd5 20. Nf3 cxd4 21.
cxd4 Bb5 22. Qe3 Bxf1 23. Rxf1 Rfd8 24. g4 Bb4 25. f5 Rc3 26. Qf4 Bf8 27. fxg6
hxg6 28. Be4 Qd7 29. Ng5 Rc7 30. h4 Bg7 31. h5 Qxd4+ 32. Rf2 Bxe5 33. Qf3 Qd1+
34. Kg2 Qxf3+ 35. Nxf3 Bf4 36. hxg6 fxg6 37. Bxg6 e5 38. Ne1 Rd2 39. Rxd2 Bxd2
40. Nd3 Bf4 41. Kf3 Rc4 42. Bf5 Kg7 43. Be4 Rc3 44. Bf5 Ra3 45. Ke4 Ra4+ 46.
Kf3 Kf6 47. Nc5 Ra3+ 48. Ke2 Rxa2+ 49. Kd3 b6 50. Kc4 0-1

[Event "Sparkassen-Open B"]
[Site "Heusenstamm, Martinsee"]
[Date "2021.11.21"]
[Round "7.26"]
[White "Wolff, Sidney Robert"]
[Black "Laux, Filip"]
[Result "0-1"]
[WhiteElo "1604"]
[BlackElo "1320"]
[PlyCount "68"]
[EventDate "2021.??.??"]
[WhiteTeam "Heilbronner SV"]
[BlackTeam "VSG Offenbach"]

1. f4 d5 2. b3 Nf6 3. Bb2 Bf5 4. e3 e6 5. Nf3 Nfd7 6. Be2 c6 7. O-O Bd6 8. Ne5
Qc7 9. Nxd7 Qxd7 10. d3 Be7 11. Nd2 O-O 12. Qe1 Bc5 13. Qg3 Kh8 14. Be5 Qd8 15.
c3 Rg8 16. h4 Nd7 17. c4 Nxe5 18. fxe5 dxc4 19. Rxf5 exf5 20. bxc4 f6 21. Nb3
Be7 22. Rd1 Qc7 23. Qf4 fxe5 24. Qxf5 Bxh4 25. Nc5 Rgf8 26. Qg4 Bf2+ 27. Kh1
Rf6 28. g3 Bxe3 29. Ne6 Qe7 30. Qe4 Qxe6 31. Qxe3 Qh3+ 32. Kg1 Raf8 33. Qxe5
Rf2 34. g4 Qg2# 0-1

[Event "Sparkassen-Open B"]
[Site "Heusenstamm, Martinsee"]
[Date "2021.11.21"]
[Round "7.27"]
[White "Neininger, Sarah"]
[Black "Wirtjes, Edzard"]
[Result "1/2-1/2"]
[WhiteElo "1380"]
[BlackElo "1552"]
[PlyCount "96"]
[EventDate "2021.??.??"]
[WhiteTeam "VSG Offenbach"]
[BlackTeam "Fortuna Logabirum"]

1. e4 c5 2. c3 d6 3. d4 Nd7 4. Nf3 g6 5. Be3 b6 6. Bd3 Bg7 7. O-O e6 8. Nbd2
Ne7 9. Nc4 Qc7 10. Bf4 e5 11. Be3 b5 12. Na3 c4 13. Nxb5 Qc6 14. Bxc4 Ba6 15.
Nc7+ Qxc7 16. Bxa6 O-O 17. Bb5 Nf6 18. dxe5 dxe5 19. Qc2 Rfb8 20. Bd3 Nc6 21.
Rad1 Rc8 22. Qe2 Ng4 23. h3 Nxe3 24. Qxe3 a6 25. Qe2 Qb7 26. Bc4 h6 27. Bd5
Rab8 28. b4 Qb6 29. a4 Ne7 30. Bc4 Rc7 31. Bxa6 Rxc3 32. Bb5 Rc7 33. Rd2 Nc6
34. Bxc6 Qxc6 35. b5 Qa8 36. Ra2 Ra7 37. Rfa1 Ra5 38. Qb2 f6 39. Nd2 Bf8 40.
Nc4 Ra6 41. Qd2 Rd8 42. Qxd8 Qxd8 43. bxa6 Qa8 44. a5 Bc5 45. a7 Bxa7 46. a6
Qxe4 47. Nd6 Qc6 48. Rd1 f5 1/2-1/2